माधवसप्रे रचना संचयन (Record no. 28344)

MARC details
000 -LEADER
fixed length control field 00377nam a22001337a 4500
003 - CONTROL NUMBER IDENTIFIER
control field SGT
020 ## - INTERNATIONAL STANDARD BOOK NUMBER
International Standard Book Number 9788126053421
082 ## - DEWEY DECIMAL CLASSIFICATION NUMBER
Classification number 891.4309
Item number M17S
100 ## - MAIN ENTRY--PERSONAL NAME
Personal name श्रीधर, विजय दत्त
245 ## - TITLE STATEMENT
Title माधवसप्रे रचना संचयन
260 ## - PUBLICATION, DISTRIBUTION, ETC. (IMPRINT)
Name of publisher, distributor, etc साहित्य अकादमी
Year of Publication 2017
300 ## - PAGE DESCRIPTION
No. of Pages 452
942 ## - ADDED ENTRY ELEMENTS (KOHA)
Source of classification or shelving scheme Dewey Decimal Classification
Koha item type Books
Holdings
Withdrawn status Lost status Source of classification or shelving scheme Damaged status Not for loan Home library Current library Shelving location Date acquired Cost, normal purchase price SGTU Full call number Accession No. (Barcode) Date last seen Bill Date Koha item type Total Checkouts
    Dewey Decimal Classification   Not For Loan SGT Chancellor's Library SGT Chancellor's Library Reference Book 23/12/2024 400.00 SGTU 891.4309 M17S CH1280 23/12/2024 23/12/2024 Books  
    Dewey Decimal Classification   Not For Loan SGT Chancellor's Library SGT Chancellor's Library Reference Book 03/03/2025   SGTU 891.4309 M17S CH2580 03/03/2025 03/03/2025 Books